Riblja Čorba songs quiz - Statistics

General Stats
  • This quiz has been taken 17 times
    5 since last reset
  • The average score is 76 of 229
Answer Stats
Album Song % Correct
Lutka sa naslovne strane (1978) Lutka sa naslovne strane
100%
Kost u grlu (1979) Rokenrol za kućni savet
100%
Koza Nostra (1990) Al Kapone
67%
Osmi nervni slom (1986) Amsterdam
67%
Priča o ljubavi obično ugnjavi (1988) Avionu, slomiću ti krila
67%
Labudova pesma (1992) Bože
67%
Minut sa njom (2009) Bože, koliko je volim
67%
Ujed za dušu (1987) Član mafije
67%
Da tebe nije (2019) Da tebe nije
67%
Ujed za dušu (1987) Da, to sam ja
67%
Buvlja pijaca (1982) Dobro jutro
67%
Buvlja pijaca (1982) Draga, ne budi peder
67%
Pokvarena mašta i prljave strasti (1981) Dva dinara druže
67%
Pokvarena mašta i prljave strasti (1981) Evo ti za taksi
67%
Nojeva barka (1999) Gastarbajterska 2
67%
Ostalo je ćutanje (1996) Gastarbajterska pesma
67%
Nojeva barka (1999) Gde si
67%
Koza Nostra (1990) Gde si u ovom glupom hotelu
67%
Koza Nostra (1990) Ja je gledam kako spava
67%
Buvlja pijaca (1982) Ja ratujem sam
67%
Zbogom, Srbijo (1993) Jedino moje
67%
Kost u grlu (1979) Još jedan šugav dan
67%
Ujed za dušu (1987) Kada padne noć
67%
Večeras vas zabavljaju muzičari koji piju (1984) Kad hodaš
67%
Uzbuna (2012) Kad me već lažeš (Izgubljen)
67%
Labudova pesma (1992) Kad sam bio mlad
67%
Buvlja pijaca (1982) Kako je lepo biti glup
67%
Večeras vas zabavljaju muzičari koji piju (1984) Kazablanka
67%
Priča o ljubavi obično ugnjavi (1988) Kaži, ko te ljubi dok sam ja na straži
67%
Minut sa njom (2009) Krilati pegazi
67%
Večeras vas zabavljaju muzičari koji piju (1984) Mangupi vam kvare dete
67%
Minut sa njom (2009) Minut sa njom
67%
Minut sa njom (2009) Muško od plastelina
67%
Večeras vas zabavljaju muzičari koji piju (1984) Muzičari koji piju
67%
Priča o ljubavi obično ugnjavi (1988) Napolju
67%
Mrtva priroda (1981) Na zapadu ništa novo
67%
Mrtva priroda (1981) Neću da ispadnem životinja
67%
Pokvarena mašta i prljave strasti (1981) Neke su žene pratile vojnike
67%
Osmi nervni slom (1986) Nemoj da ideš mojom ulicom
67%
Pokvarena mašta i prljave strasti (1981) Nemoj srećo, nemoj danas
67%
Ostalo je ćutanje (1996) Nešto je trulo u državi Danskoj
67%
Mrtva priroda (1981) Ne veruj ženi koja puši drinu bez filtera (Ostavi je)
67%
Nojeva barka (1999) Nojeva barka
67%
Priča o ljubavi obično ugnjavi (1988) Oko mene
67%
Pokvarena mašta i prljave strasti (1981) Ostaću slobodan
67%
Kost u grlu (1979) Ostani đubre do kraja
67%
Mrtva priroda (1981) Pekar, lekar, apotekar
67%
Istina (1985) Pogledaj dom svoj, anđele
67%
Buvlja pijaca (1982) Pravila, pravila
67%
Večeras vas zabavljaju muzičari koji piju (1984) Priča o Žiki Živcu
67%
Pokvarena mašta i prljave strasti (1981) Rekla je
67%
Osmi nervni slom (1986) Sutra me probudi
67%
Ujed za dušu (1987) Svirao je Dejvid Bovi
67%
Zbogom, Srbijo (1993) Tamna je noć
67%
Mrtva priroda (1981) Vetar duva, duva, duva
67%
Mrtva priroda (1981) Volim, volim, volim, volim žene
67%
Ujed za dušu (1987) Zadnji voz za Čačak
67%
Zbogom, Srbijo (1993) Zelena trava doma mog
67%
Nojeva barka (1999) 16 noći
33%
Istina (1985) Ajde beži
33%
Istina (1985) Alo
33%
Labudova pesma (1992) Amin
33%
Buvlja pijaca (1982) Baby, Baby, I Don't Wanna Cry
33%
Labudova pesma (1992) Bahnhof
33%
Koza Nostra (1990) Bejbi
33%
Večeras vas zabavljaju muzičari koji piju (1984) Besni psi
33%
Osmi nervni slom (1986) Cava
33%
Priča o ljubavi obično ugnjavi (1988) Celu noć te sanjam
33%
Koza Nostra (1990) Crna Gora, Bar
33%
Osmi nervni slom (1986) Crno je dole
33%
Ujed za dušu (1987) Crvena su dugmad pritisnuta
33%
Zbogom, Srbijo (1993) Danas nema mleka
33%
Minut sa njom (2009) Dan zaljubljenih
33%
Koza Nostra (1990) Deca
33%
Ostalo je ćutanje (1996) Deca cveća
33%
Istina (1985) Disko Mišić
33%
Labudova pesma (1992) Dok padaju glave
33%
Pišanje uz vetar (2001) Duša nije na prodaju
33%
Ljubav i smrt TBA Dve gitare
33%
Istina (1985) Dvorska budala
33%
Ostalo je ćutanje (1996) Džigi Bau Story (Priča o Džigi Bauu)
33%
Večeras vas zabavljaju muzičari koji piju (1984) Džukele će me dokusuriti
33%
Kost u grlu (1979) Egoista
33%
Minut sa njom (2009) Gde li je ljubav
33%
Večeras vas zabavljaju muzičari koji piju (1984) Gluposti
33%
Ostalo je ćutanje (1996) Gluvi telefoni
33%
Ostalo je ćutanje (1996) Gnjilane
33%
Pokvarena mašta i prljave strasti (1981) Hajde, sestro slatka
33%
Kost u grlu (1979) Hej, ćale
33%
Koza Nostra (1990) Hej, kako ti je sad
33%
Istina (1985) Hleba i igara
33%
Pišanje uz vetar (2001) Hoću, majko, hoću
33%
Labudova pesma (1992) Idi sad
33%
Nojeva barka (1999) Izgubljen slučaj
33%
Zbogom, Srbijo (1993) Jak, mlad i glup
33%
Kost u grlu (1979) Ja sam još ona ista budala
33%
Mrtva priroda (1981) Ja sam se ložio na tebe
33%
Labudova pesma (1992) Jebi ga
33%
Osmi nervni slom (1986) Jedan čovek
33%
Priča o ljubavi obično ugnjavi (1988) Još jedna cigareta pre spavanja
33%
Osmi nervni slom (1986) Južna Afrika '85 (Ja ću da pevam)
33%
Buvlja pijaca (1982) Kad ti se na glavu sruši čitav svet
33%
Zbogom, Srbijo (1993) Kamenko i Kremenko
33%
Zbogom, Srbijo (1993) Kopriva
33%
Da tebe nije (2019) Kraj
33%
Pokvarena mašta i prljave strasti (1981) Lak muškarac
33%
Pišanje uz vetar (2001) Ljubav ovde više ne stanuje
33%
Ostalo je ćutanje (1996) Ljubomorko
33%
Priča o ljubavi obično ugnjavi (1988) Ljudi
33%
Osmi nervni slom (1986) Ljuti rokenrol
33%
Ujed za dušu (1987) Lud sto posto
33%
Priča o ljubavi obično ugnjavi (1988) Lupa bubanj, zveči zvečka (Traži se zamena)
33%
Ostalo je ćutanje (1996) Majko
33%
Koza Nostra (1990) Milivoje vatrogasac
33%
Večeras vas zabavljaju muzičari koji piju (1984) Minut ćutanja
33%
Kost u grlu (1979) Mirno spavaj
33%
Nazad u veliki prljavi grad (1980) Nazad u veliki prljavi grad
33%
Istina (1985) Neću da te volim
33%
Buvlja pijaca (1982) Neću da živim u bloku 65
33%
Ujed za dušu (1987) Neke čudne materije
33%
Večeras vas zabavljaju muzičari koji piju (1984) Nemoj da kažeš mome dečku
33%
Ujed za dušu (1987) Ne spavaj gola
33%
Nesrećnice nije te sramota (1987) Nesrećnice, nije te sramota
33%
Labudova pesma (1992) Noćas gubim meč
33%
Uzbuna (2012) Od čega ću bre da umrem
33%
Mrtva priroda (1981) Odlazak u grad
33%
Minut sa njom (2009) Odlazim
33%
Ostalo je ćutanje (1996) Odlazi od mene, ubico, idi
33%
Lutka sa naslovne strane (1978) On i njegov BMW
33%
Minut sa njom (2009) Orfej
33%
Ostalo je ćutanje (1996) Ostalo je ćutanje
33%
Ambasadori loše volje (2006) Pad
33%
Nojeva barka (1999) Pevač
33%
Mrtva priroda (1981) Pobeći negde
33%
Da tebe nije (2019) Poslednja
33%
Ovde (2003) Poslednja pesma o tebi
33%
Nojeva barka (1999) Posle dobrog ručka
33%
Kost u grlu (1979) Pozajmila je pare, poludela je skroz, kupila je kartu i sela je u voz
33%
Mrtva priroda (1981) Prevara
33%
Nojeva barka (1999) Princ
33%
Osmi nervni slom (1986) Prokleto sam
33%
Ujed za dušu (1987) Propala noć
33%
Priča o ljubavi obično ugnjavi (1988) Prošlosti (Nisi bila bogzna šta)
33%
Minut sa njom (2009) Radiću šta god hoću
33%
Zbogom, Srbijo (1993) Rapsodija u plavom
33%
Kost u grlu (1979) Rasprodaja bola
33%
Labudova pesma (1992) Rat je završen
33%
Večeras vas zabavljaju muzičari koji piju (1984) Ravnodušan prema plaču
33%
Istina (1985) Sačekaj
33%
Buvlja pijaca (1982) Slušaj sine, obriši sline
33%
Pišanje uz vetar (2001) Srbin je lud
33%
Pokvarena mašta i prljave strasti (1981) Srećan put, pišo moja mala
33%
Zbogom, Srbijo (1993) Tezga
33%
Koza Nostra (1990) Tito je vaš
33%
Osmi nervni slom (1986) Tu nema Boga, nema pravde
33%
Da tebe nije (2019) Ubijaju rokenrol
33%
Buvlja pijaca (1982) U dva će čistači odneti đubre
33%
Minut sa njom (2009) Uspomene
33%
Uzbuna (2012) Uzbuna
33%
Rokenrol za kućni savet (1979) Valentino iz restorana
33%
Pokvarena mašta i prljave strasti (1981) Vidiš da sam gadan kad sam tebe gladan
33%
Pokvarena mašta i prljave strasti (1981) Vrlo, vrlo zadovoljan tip
33%
Nesrećnice nije te sramota (1987) Zašto kuče arlauče
33%
Ovde (2003) Zašto uvek kurcu sviram
33%
Zbogom, Srbijo (1993) Zbogom, Srbijo
33%
Koza Nostra (1990) Žikica Jovanović Španac
33%
Priča o ljubavi obično ugnjavi (1988) Znam te (Drugoga voli)
33%
Kost u grlu (1979) Zvezda potkrovlja i suterena
33%
Ovde (2003) 100 godina samoće
0%
Uzbuna (2012) Biće bolje kad prenoći (Od nemila do netraga)
0%
Devičanska ostrva (2006) Bilo je žena
0%
Nojeva barka (1999) Care
0%
Pišanje uz vetar (2001) Čekajući čoveka
0%
Pišanje uz vetar (2001) Čiviluk
0%
Pišanje uz vetar (2001) Crno beli svet
0%
Pišanje uz vetar (2001) Crno beli svet (I opet)
0%
Pišanje uz vetar (2001) Daj mi lovu
0%
Devičanska ostrva (2006) Devičanska ostrva
0%
Nevinost bez zaštite (2005) Dijabola
0%
Ljubav i smrt TBA Duboka država
0%
Ovde (2003) Govnovalj
0%
Da tebe nije (2019) Ivica Dačić
0%
Ovde (2003) Ja sam rođen namrgođen
0%
Minut sa njom (2009) Ja se zaista ne sećam
0%
Nevinost bez zaštite (2005) Jedini način
0%
Uzbuna (2012) Kad neko ljubav urekne
0%
Ovde (2003) Ko o čemu
0%
Nojeva barka (1999) Leksilium pesma
0%
Uzbuna (2012) Lelek Serba
0%
Devičanska ostrva (2006) Leti čiča preko bare
0%
Ambasadori loše volje (2006) Ljudi ko ljudi
0%
Uzbuna (2012) Malograđanska
0%
Da tebe nije (2019) Mister Perfekt
0%
Ovde (2003) Mobilni
0%
Minut sa njom (2009) Moj Jenki going home (Prokleta je Amerika)
0%
Uzbuna (2012) Monetarni udar
0%
Ovde (2003) Mrtvo more
0%
Pišanje uz vetar (2001) Nebeski narod
0%
Pišanje uz vetar (2001) Neka me ubije grom
0%
Ovde (2003) Novi svetski poredak
0%
Ljubav i smrt TBA Oči malog psa
0%
Da tebe nije (2019) Od greške do greške
0%
Da tebe nije (2019) Otvori oči
0%
Ovde (2003) Ovde
0%
Devičanska ostrva (2006) Pandorina kutija
0%
Da tebe nije (2019) Pasji život
0%
Devičanska ostrva (2006) Pesma sa porukom
0%
Ovde (2003) Pičkin dim
0%
Ovde (2003) Plajvaz
0%
Pišanje uz vetar (2001) Po livadi rosnoj
0%
Nevinost bez zaštite (2005) Pomalo tužno
0%
Ambasadori loše volje (2006) Prezir
0%
Pišanje uz vetar (2001) Prokockan život
0%
Ljubav i smrt TBA Razlog da se borim
0%
Minut sa njom (2009) Razmažena devojčica
0%
Uzbuna (2012) Sam, sam pao, sam se i ubio
0%
Da tebe nije (2019) Scena
0%
Uzbuna (2012) Šerše la fam
0%
Da tebe nije (2019) Smešan, grešan i pogrešan
0%
Ljubav i smrt TBA Smrt dolazi s leđa
0%
Nevinost bez zaštite (2005) Sponzori
0%
Ambasadori loše volje (2006) Sve i svja
0%
Uzbuna (2012) Ti ne znaš šta ćeš da budeš kad porasteš
0%
Ambasadori loše volje (2006) Usrana motka
0%
Uzbuna (2012) Užasno mi nedostaje
0%
Istina (1985) Verno pseto
0%
Nojeva barka (1999) Vreme ti isteklo
0%
Ljubav i smrt TBA Zaista mrzim što starim
0%
Pišanje uz vetar (2001) Zašto sam otišao bluz
0%
No matching quizzes found
Score Distribution
Percent of People with Each Score
Percentile by Number Answered
Your Score History
You have not taken this quiz since the last reset